| 000 | 00555nam a22001577a 4500 | ||
|---|---|---|---|
| 003 | OSt | ||
| 005 | 20151002160105.0 | ||
| 008 | 151002b xxu||||| |||| 00| 0 eng d | ||
| 040 | _cRUA | ||
| 082 | _aAVM HUY 1995 B069 Or.1 | ||
| 100 |
_91799 _aHUY TOUCH |
||
| 245 | _aPoultry raising farm at kean svay district, (ការចិញ្ចឹមមាន់ពូជយកសាច់នៅ ស្រុកគៀនស្វាយ ខេត្តកណ្ដាល) | ||
| 260 |
_aphnom penh _bRUA _c1995 |
||
| 300 |
_a46p. _bill. _c29cm. |
||
| 942 |
_2ddc _cAVM |
||
| 999 |
_c1699 _d1699 |
||